Communes de l'Oise (60) de plus de 10000 habitants - Statistiques

Statistiques générales
  • Ce quiz a été pris 75 fois
  • Le résultat moyen est 8 sur 12
Statistiques - réponses
Habitants Commune % Correct
55906 (préfecture) Beauvais
98%
40808 Compiègne
90%
36494 Creil
88%
10740 Chantilly
76%
15238 Senlis
76%
10704 Clermont
60%
21859 Nogent-sur-Oise
57%
12810 Noyon
55%
13944 Montataire
43%
14091 Méru
40%
12343 Pont-Sainte-Maxence
40%
14243 Crépy-en-Valois
36%
Aucun quiz correspondant
Distribution des résultats
% des personnes avec chaque résultat
Percentile par nombre de réponses
Votre historique - résultats
Vous n’avez pas pris ce quiz